000 00372 a2200169 4500
001 183273
020 _a
040 _cMagnum
100 _aCeram, G. W.
240 1 0 _aDeuses, túmulos e sábios
_lpor
245 1 0 _aDeuses, túmulos e sábios
300 _a387
362 0 _a1973
440 1 _aMelhoramentos
697 _aLITERATURA GERAL ESTRANGEIRA
942 _cBK
999 _c183273
_d183273